National rural health mission : (Record no. 101168)

MARC details
000 -LEADER
fixed length control field 00601nam a22001937a 4500
005 - DATE AND TIME OF LATEST TRANSACTION
control field 20160708144901.0
010 ## - LCCN (DPL NO)
LC control number ENG-115380
020 ## - INTERNATIONAL STANDARD BOOK NUMBER
International Standard Book Number 9789380574677
Terms of availability 1295.00
035 ## - SYSTEM CONTROL NUMBER
System control number EN-98912
037 ## - SOURCE OF ACQUISITION
Source of stock number/acquisition DBAD/PUB
082 ## - DEWEY DECIMAL CLASSIFICATION NUMBER
Classification number 362.1042570954
245 ## - TITLE STATEMENT
Title National rural health mission :
Remainder of title an unfinished agenda /
Statement of responsibility, etc edited by Suresh Sharma [and] William Joe
260 ## - PUBLICATION, DISTRIBUTION, ETC. (IMPRINT)
Place of publication, distribution, etc Delhi
Name of publisher, distributor, etc Bookwell
Date of publication, distribution, etc 2014
270 ## - ADDRESS
Address 3/79,Nirankari Colony
City Delhi
Postal code 110009
300 ## - PHYSICAL DESCRIPTION
Extent xx,311p.
Dimensions 23cm(Hb)
700 ## - ADDED ENTRY--PERSONAL NAME
Personal name Sharma,Suresh
700 ## - ADDED ENTRY--PERSONAL NAME
Personal name Joe,William
942 ## - ADDED ENTRY ELEMENTS (KOHA)
Source of classification or shelving scheme Dewey Decimal Classification
Item type English Books
Classification part 362.1042570954
Call number suffix NAT
Holdings
Withdrawn status Lost status Not for loan Collection code Home library Current library Date acquired Source of acquisition Cost, normal purchase price Full call number Barcode Copy number Cost, replacement price Koha item type
    Not For Loan Non-fiction D.B.Act.Division D.B.Act.Division 06/07/2016 DBAD/PUB 1295.00 362.1042570954 NAT EN-98912 1 1295.00 English Books

© Delhi Public Library
Hit Counter
free hit counter